Rôzne prístupy k oceňovaniu produktov v životnom poistení diplomová práca

Salvato in:
Dettagli Bibliografici
Autore principale: Wolf, Rudolf
Ente Autore: Fakulta hospodárskej informatiky EU. Katedra matematiky
Altri autori: Ondrejková Krčová, Ingrid, 1969-
Natura: Libro
Lingua:slovacco
Pubblicazione: Bratislava 2010
Tags: Aggiungi Tag
Nessun Tag, puoi essere il primo ad aggiungerne!!

MARC

LEADER 00000nam a2200000 4500
001 0119062
005 20240318123407.9
041 0 |a slo 
044 |a SK 
245 1 0 |a Rôzne prístupy k oceňovaniu produktov v životnom poistení  |b diplomová práca  |c Rudolf Wolf ; škol. Ingrid Ondrejková Krčová 
264 1 |a Bratislava  |c 2010 
300 |a 80 s. 
100 1 |a Wolf, Rudolf 
700 1 |a Ondrejková Krčová, Ingrid, 1969- 
710 2 |a Fakulta hospodárskej informatiky EU. Katedra matematiky